Statistics for Every European Country Shape - Random Order

Click here to take the quiz!

General Stats

  • This quiz has been taken 14 times
  • The average score is 36 of 45

Answer Stats

Answer% Correct
Germany
100%
Italy
100%
Austria
89%
Croatia
89%
Denmark
89%
Finland
89%
France
89%
Greece
89%
Iceland
89%
Ireland
89%
Monaco
89%
Norway
89%
Poland
89%
Portugal
89%
Russia
89%
Slovakia
89%
Spain
89%
Sweden
89%
Switzerland
89%
Ukraine
89%
United Kingdom
89%
Albania
78%
Belgium
78%
Hungary
78%
Kosovo
78%
Latvia
78%
Malta
78%
Netherlands
78%
Vatican City
78%
Andorra
67%
Belarus
67%
Bosnia and Herzegovina
67%
Bulgaria
67%
Czech Republic
67%
Estonia
67%
Lithuania
67%
Luxembourg
67%
Moldova
67%
Montenegro
67%
North Macedonia
67%
Romania
67%
San Marino
67%
Serbia
67%
Slovenia
67%
Liechtenstein
56%

Score Distribution

Percentile by Number Answered

Percent of People with Each Score

Your Score History

You have not taken this quiz